O kozlech, ovcích a lidech : (Ježíšova podobenství podle Matoušova evangelia) / Jiří Mrázek
Record details
- ISBN: 80-901589-9-4
- Physical Description: 150 s. ; 18 cm
- Edition: 1. vyd.
- Publisher: Třebenice : Mlýn, 1997
Content descriptions
| General Note: | Poznámky |
| Bibliography, etc. Note: | Obsahuje bibliografii a bibliografické odkazy |
Search for related items by subject
| Subject: | Bible. Matouš Bible. Mathew biblická podobenství biblická exegeze |
| Genre: | komentáře |
Available copies
- 1 of 1 copy available at Common Catalog SPOK.
Holds
- 0 current holds with 1 total copy.
Show Only Available Copies
| Location | Call Number / Copy Notes | Barcode | Shelving Location | Status | Due Date |
|---|---|---|---|---|---|
| Jabok Library | NZ-3.3 | 424480003928 | Odborná literatura | Available | - |
| LDR | 01225nam a2200385 a 4500 | ||
|---|---|---|---|
| 001 | 8241 | ||
| 003 | CZ-PrJAB | ||
| 005 | 20170315105226.0 | ||
| 007 | tu | ||
| 008 | 990216s1997 xr e 000 0 cze | ||
| 015 | . | ‡acnb000645820 | |
| 020 | . | ‡a80-901589-9-4 ‡q(brož.) | |
| 035 | . | ‡a(CZ PrNK)cpk19990645820 | |
| 035 | . | ‡a(OCoLC)41369640 | |
| 040 | . | ‡aABA001 ‡bcze | |
| 072 | 7. | ‡a2-23/-27 ‡xBible. Biblistika ‡2Konspekt ‡95 | |
| 080 | . | ‡a27-247.4 ‡2MRF | |
| 080 | . | ‡a27-317.3 ‡2MRF | |
| 080 | . | ‡a27-277.2 ‡2MRF | |
| 080 | . | ‡a(0.072) ‡2MRF | |
| 100 | 1 | . | ‡aMrázek, Jiří, ‡d1960- ‡7jo20010088861 ‡4aut |
| 245 | 1 | 0. | ‡aO kozlech, ovcích a lidech : ‡b(Ježíšova podobenství podle Matoušova evangelia) / ‡cJiří Mrázek |
| 250 | . | ‡a1. vyd. | |
| 260 | . | ‡aTřebenice : ‡bMlýn, ‡c1997 | |
| 300 | . | ‡a150 s. ; ‡c18 cm | |
| 500 | . | ‡aPoznámky | |
| 504 | . | ‡aObsahuje bibliografii a bibliografické odkazy | |
| 630 | 0 | 7. | ‡aBible. ‡pMatouš ‡7unn2006374700 ‡2czenas |
| 630 | 0 | 9. | ‡aBible. ‡pMathew ‡2eczenas |
| 650 | 0 | 7. | ‡abiblická podobenství ‡7ph118849 ‡2czenas |
| 650 | 0 | 7. | ‡abiblická exegeze ‡7ph118844 ‡2czenas |
| 655 | 7. | ‡akomentáře ‡7fd132578 ‡2czenas | |
| 787 | 0 | . | ‡tBible. N.Z. Evangelium Matoušovo |
| 910 | . | ‡aABG312 | |
| 901 | . | ‡a8241 ‡bUnknown ‡c8241 ‡tbiblio | |